[Event "ROU-chT Women Superliga 2018"]
[Site "Sovata"]
[Date "2018.11.27"]
[Round "3"]
[White "Popa, Catalina-Elena"]
[Black "Bulmaga, Irina"]
[Result "0-1"]
[WhiteElo "1746"]
[BlackElo "2386"]
[Annotator "NA"]
[PlyCount "74"]
[EventDate "2018.11.24"]
[EventType "team-tourn"]
[EventCountry "ROU"]
[SourceTitle "playchess.com"]
[Source "ChessBase"]
[SourceQuality "1"]
[TimeControl "40/5400+30:1800+30"]

1. d4 {[%emt 0:00:53]} Nf6 {[%emt 0:00:00]} 2. Nf3 {[%emt 0:00:03]} g6 {[%emt 0:00:00]} 3. Bf4 {[%emt 0:00:37]} Bg7 {[%emt 0:00:00]} 4. e3 {[%emt 0:00:11]} O-O {[%emt 0:00:05]} 5. Be2 {[%emt 0:00:23]} d6 {[%emt 0:00:17]} 6. O-O {[%emt 0:00:53]} b6 {[%emt 0:00:36]} 7. c3 {[%emt 0:02:30]} Bb7 {[%emt 0:00:15]} 8. Nbd2 {[%emt 0:00:55]} Nbd7 {[%emt 0:00:30]} 9. h3 {[%emt 0:00:21]} Re8 {[%emt 0:00:28]} 10. Bh2 {[%emt 0:01:38] A48: 1 d4 Nf6 2 Nf3 g6: Torre, London and Colle Systems} h6 {[%emt 0:02:00]} (10... e5 11. dxe5 dxe5 12. Nc4 Ne4 13. Qc2 Qe7 14. Rad1 h6 15. Nfd2 Ng5 16. h4 Nh7 17. h5 gxh5 18. Qf5 h4 19. Nf3 Nhf8 {0-1 (40) Wang,C (2529)-Wei,Y (2737) Shenzhen 2015}) 11. Re1 $146 {[%emt 0:11:53]} ({Predecessor:} 11. Qb3 e6 12. Rfd1 Ne4 13. Nxe4 Bxe4 14. Nd2 Bb7 15. Bf3 Bxf3 16. Nxf3 {1-0 (97) Batchinsky,B-Paganelli,R Geneve 1995}) 11... e5 {[%emt 0:03:13]} 12. Nc4 {[%emt 0:02:53]} Nh7 {[%emt 0:04:59]} 13. Qc2 {[%emt 0:05:43]} Qe7 {[%emt 0:02:56]} (13... e4 $5 14. Nfd2 $8 Qe7 $11) 14. Rad1 {[%emt 0:07:18]} a6 {[%emt 0:03:33]} 15. Bg3 {[%emt 0:13:45]} e4 {[%emt 0:05:20]} 16. Nfd2 {[%emt 0:01:12]} d5 {[%emt 0:00:23]} 17. Na3 {[%emt 0:01:20]} c5 {[%emt 0:00:51]} 18. dxc5 {[%emt 0:07:35]} Nxc5 {[%emt 0:02:59]} 19. Nb3 {[%emt 0:03:42]} Rac8 {[%emt 0:00:52]} 20. Nd4 {[%emt 0:01:25]} b5 {[%emt 0:00:33]} 21. Qb1 {[%emt 0:10:49]} h5 {[%emt 0:01:38]} 22. Nac2 {[%emt 0:01:47]} Ng5 {[%emt 0:05:35]} 23. Nb3 {[%emt 0:01:40]} Na4 {[%emt 0:04:26]} 24. Nbd4 {[%emt 0:02:31]} Bf6 {[%emt 0:02:23]} 25. Nb4 {[%emt 0:01:59]} Ne6 {[%emt 0:02:49]} 26. Nxb5 {[%emt 0:03:20]} axb5 {[%emt 0:00:16]} 27. Bxb5 {[%emt 0:00:02]} Nb6 {[%emt 0:00:28]} 28. Bxe8 {[%emt 0:00:24]} Rxe8 {[%emt 0:00:24]} 29. a3 {[%emt 0:03:49]} h4 {[%emt 0:00:22]} 30. Bh2 {[%emt 0:00:15]} Ng5 {[%emt 0:02:02]} 31. Qa2 {[%emt 0:01:10]} Qe6 {[%emt 0:01:37]} 32. Bc7 {[%emt 0:05:40]} Nc4 {[%emt 0:01:55]} 33. Nc2 {[%emt 0:03:02]} Nxh3+ {[%emt 0:01:55]} 34. Kf1 {[%emt 0:00:34]} d4 {[%emt 0:01:54]} 35. Nxd4 $19 {[%emt 0:03:20]} Nxe3+ {[%emt 0:01:42]} 36. fxe3 {[%emt 0:00:10]} Qxa2 {[%emt 0:00:46]} 37. gxh3 {[%emt 0:00:05]} Qc4+ {[%emt 0:00:06]} 0-1

[Event "ROU-chT Women Superliga 2018"]
[Site "Sovata"]
[Date "2018.11.27"]
[Round "3"]
[White "Patru, Alexandra-Ioana"]
[Black "Lehaci, Miruna-Daria"]
[Result "0-1"]
[WhiteElo "1631"]
[BlackElo "2067"]
[Annotator "NA"]
[PlyCount "82"]
[EventDate "2018.11.24"]
[EventType "team-tourn"]
[EventCountry "ROU"]
[SourceTitle "playchess.com"]
[Source "ChessBase"]
[SourceQuality "1"]
[TimeControl "40/5400+30:1800+30"]

1. d4 {[%emt 0:00:53]} Nf6 {[%emt 0:00:00]} 2. Nf3 {[%emt 0:00:06]} g6 {[%emt 0:00:00]} 3. c4 {[%emt 0:00:29]} Bg7 {[%emt 0:00:00]} 4. g3 {[%emt 0:00:17]} O-O {[%emt 0:00:00]} 5. Bg2 {[%emt 0:00:03]} d5 {[%emt 0:00:24]} 6. b3 {[%emt 0:06:00]} dxc4 {[%emt 0:09:21]} 7. bxc4 {[%emt 0:00:26]} c5 {[%emt 0:00:02]} 8. e3 {[%emt 0:03:57]} Qc7 {[%emt 0:05:07]} 9. Nbd2 {[%emt 0:02:42]} cxd4 {[%emt 0:03:15]} 10. exd4 {[%emt 0:00:09]} Bf5 {[%emt 0:01:39]} 11. Bb2 {[%emt 0:02:01]} Nc6 {[%emt 0:03:58]} 12. a3 {[%emt 0:07:31]} Na5 {[%emt 0:08:08]} 13. Qe2 {[%emt 0:23:16]} Qb6 {[%emt 0:01:51]} 14. Bc3 {[%emt 0:00:13]} Nb3 {[%emt 0:14:08]} 15. Nxb3 {[%emt 0:03:14]} Qxb3 {[%emt 0:00:16]} 16. Qb2 {[%emt 0:02:54]} Qxc4 {[%emt 0:01:53]} 17. Ne5 {[%emt 0:02:18]} Qc7 {[%emt 0:00:22]} 18. Rc1 {[%emt 0:02:37]} Be4 {[%emt 0:02:36]} 19. Bxe4 {[%emt 0:01:42]} Nxe4 {[%emt 0:00:05]} 20. Bb4 {[%emt 0:01:17]} Qd8 {[%emt 0:00:31]} 21. O-O {[%emt 0:01:21]} Bf6 {[%emt 0:14:12]} 22. Rc2 {[%emt 0:02:58]} Ng5 {[%emt 0:05:17]} 23. f4 {[%emt 0:02:20]} Ne6 {[%emt 0:00:13]} 24. Rd2 {[%emt 0:00:11]} Qd5 {[%emt 0:02:34]} 25. Rfd1 {[%emt 0:01:28]} Rfd8 {[%emt 0:01:38]} 26. Qc3 {[%emt 0:03:11]} a5 {[%emt 0:03:32]} 27. Bc5 {[%emt 0:01:33]} Rdc8 {[%emt 0:00:05]} 28. Qf3 {[%emt 0:02:43]} Qxf3 {[%emt 0:00:15]} 29. Nxf3 {[%emt 0:00:06]} Nxc5 {[%emt 0:00:03]} 30. dxc5 {[%emt 0:00:10]} Rxc5 {[%emt 0:00:07]} 31. Rd3 {[%emt 0:00:38]} Rac8 {[%emt 0:00:25]} 32. a4 {[%emt 0:02:33]} Rc1 {[%emt 0:00:54]} 33. Rxc1 {[%emt 0:00:26]} Rxc1+ {[%emt 0:00:03]} 34. Kg2 {[%emt 0:00:14]} Ra1 {[%emt 0:01:12]} 35. Rb3 {[%emt 0:00:17]} Ra2+ {[%emt 0:00:06]} 36. Kf1 {[%emt 0:00:13]} Rxa4 {[%emt 0:00:48]} 37. Rxb7 {[%emt 0:00:08]} Ra2 {[%emt 0:00:06]} 38. Ra7 {[%emt 0:00:20]} a4 {[%emt 0:00:05]} 39. h4 {[%emt 0:00:25]} a3 {[%emt 0:01:08]} 40. Ne1 {[%emt 0:00:00]} Bd4 {[%emt 0:00:00]} 41. Nd3 {[%emt 0:00:58]} Bxa7 {[%emt 0:00:48]} 0-1

[Event "ROU-chT Women Superliga 2018"]
[Site "Sovata"]
[Date "2018.11.28"]
[Round "4"]
[White "Bulmaga, Irina"]
[Black "Baciu, Anca-Otilia"]
[Result "1-0"]
[WhiteElo "2386"]
[BlackElo "1998"]
[Annotator "NA RC"]
[PlyCount "57"]
[EventDate "2018.11.24"]
[EventType "team-tourn"]
[EventCountry "ROU"]
[SourceTitle "playchess.com"]
[Source "ChessBase"]
[SourceQuality "1"]
[TimeControl "40/5400+30:1800+30"]

1. e4 {[%emt 0:00:00]} c5 {[%emt 0:02:03]} 2. Nf3 {[%emt 0:00:00]} e6 {[%emt 0:00:11]} 3. d4 {[%emt 0:00:00]} cxd4 {[%emt 0:00:09]} 4. Nxd4 {[%emt 0:00:00]} Nf6 {[%emt 0:00:07]} 5. Nc3 {[%emt 0:00:05]} d6 {[%emt 0:00:08]} 6. g4 {[%emt 0:00:13]} h6 {[%emt 0:00:16]} 7. h3 {[%emt 0:00:15]} a6 {[%emt 0:00:29]} 8. Bg2 {[%emt 0:00:19]} Qc7 {[%emt 0:00:32]} 9. f4 {[%emt 0:00:50] B81: Sicilian Scheveningen: Keres Attack} Nc6 {[%emt 0:00:44]} 10. Be3 {[%emt 0:00:42]} Bd7 {[%emt 0:03:22]} (10... Na5 11. Qe2 Nc4 12. O-O-O Bd7 13. Kb1 Rc8 14. Bc1 e5 15. Nd5 Nxd5 16. exd5 Be7 17. Nf3 exf4 {½-½ (38) Leko,P (2699)-Stella,A (2500) Gallipoli 2017}) 11. Qe2 {[%emt 0:00:55]} Be7 {[%emt 0:00:31]} 12. O-O-O {[%emt 0:01:09]} g6 {[%emt 0:05:53]} 13. Qf2 $146 {[%emt 0:07:06]} ({Predecessor:} 13. Rhf1 Na5 14. Kb1 Rc8 15. Nf3 Nc4 16. Bg1 Nxb2 17. Bd4 Nxd1 18. Rxd1 O-O 19. h4 Qa5 20. g5 Nh5 21. gxh6 Rxc3 {0-1 (21) Palac,M (2575)-Lazarev,V (2500) Porto San Giorgio 1997}) 13... Rc8 {[%emt 0:19:27]} 14. Rhf1 {[%emt 0:05:07]} Nxd4 {[%emt 0:07:55]} 15. Bxd4 {[%emt 0:02:41]} O-O {[%emt 0:00:12]} 16. e5 {[%emt 0:02:46]} Ne8 {[%emt 0:02:10]} 17. f5 {[%emt 0:04:03]} Bc6 {[%emt 0:06:30]} 18. f6 {[%emt 0:04:18]} Bd8 {[%emt 0:02:14]} 19. exd6 {[%emt 0:07:39]} Qd7 {[%emt 0:04:37]} 20. Bxc6 {[%emt 0:05:45]} Rxc6 {[%emt 0:00:15]} 21. Be5 {[%emt 0:01:40]} Kh7 {[%emt 0:10:11]} 22. Ne4 {[%emt 0:00:42]} Bb6 {[%emt 0:01:16]} 23. Qe2 {[%emt 0:01:43]} Bc5 {[%emt 0:04:58]} 24. Qd3 {[%emt 0:00:29]} b5 {[%emt 0:00:42]} (24... Rh8 $142 25. h4 Kg8) 25. h4 {[%emt 0:00:12]} Rg8 {[%emt 0:00:46]} 26. h5 {[%emt 0:01:41]} Bb6 {[%emt 0:01:37]} 27. hxg6+ {[%emt 0:03:01]} Rxg6 {[%emt 0:00:21]} 28. Rh1 {[%emt 0:02:10]} Bd8 {[%emt 0:11:45]} 29. g5 $18 {[%emt 0:02:01]} 1-0

[Event "ROU-chT Women Superliga 2018"]
[Site "Sovata"]
[Date "2018.11.28"]
[Round "4"]
[White "Cosma, Elena-Luminita"]
[Black "Ciungan, Diana-Alexandra"]
[Result "1-0"]
[WhiteElo "2338"]
[BlackElo "1863"]
[Annotator "NA RC"]
[PlyCount "43"]
[EventDate "2018.11.24"]
[EventType "team-tourn"]
[EventCountry "ROU"]
[SourceTitle "playchess.com"]
[Source "ChessBase"]
[SourceQuality "1"]
[TimeControl "40/5400+30:1800+30"]

1. d4 {[%emt 0:00:00]} Nf6 {[%emt 0:00:00]} 2. Nf3 {[%emt 0:00:00]} c5 {[%emt 0:00:00]} 3. d5 {[%emt 0:00:00]} b5 {[%emt 0:00:00]} 4. Bg5 {[%emt 0:00:00]} Qb6 {[%emt 0:00:00]} 5. Bxf6 {[%emt 0:00:00]} Qxf6 {[%emt 0:00:04]} 6. c3 {[%emt 0:00:00]} d6 {[%emt 0:00:13]} 7. e4 {[%emt 0:00:36] A43: Schmid Benoni} a6 {[%emt 0:00:15]} 8. Qc2 {[%emt 0:01:31]} (8. Nbd2 g5 9. a4 g4 10. Ng1 b4 11. cxb4 cxb4 12. Nc4 Nd7 13. Bd3 Ne5 14. Nb6 Nxd3+ 15. Qxd3 Qxb2 {1-0 (50) Maze,S (2619)-Solodovnichenko,Y (2576) Chartres 2017}) 8... Nd7 {[%emt 0:04:51]} 9. a4 {[%emt 0:00:13]} Rb8 $146 {[%emt 0:00:48]} ({Predecessor:} 9... b4 10. Be2 Rb8 11. O-O g5 12. Nfd2 Ne5 13. Nc4 Bg7 14. a5 g4 15. Nxe5 Qxe5 {0-1 (40) Dimitrov,A (2317)-Ozgur,I (1930) Kesan 2017}) 10. axb5 {[%emt 0:02:34]} axb5 {[%emt 0:00:09]} 11. Ra5 {[%emt 0:02:43]} b4 {[%emt 0:10:17]} 12. Bb5 {[%emt 0:06:18]} bxc3 {[%emt 0:01:09]} 13. Nxc3 {[%emt 0:01:14]} e6 {[%emt 0:00:46]} 14. Ra7 {[%emt 0:07:55]} (14. Qb3 $142 Kd8 15. Ra7) 14... Qd8 {[%emt 0:02:39]} 15. Qa4 {[%emt 0:00:46]} Be7 {[%emt 0:02:40]} 16. O-O {[%emt 0:02:07]} Rb7 {[%emt 0:02:14]} 17. Rxb7 {[%emt 0:08:19]} Bxb7 {[%emt 0:00:05]} 18. e5 {[%emt 0:01:32]} Bc8 {[%emt 0:00:10]} 19. exd6 {[%emt 0:03:24]} Bxd6 {[%emt 0:00:05]} (19... Bf6 $142 20. dxe6 fxe6) 20. dxe6 {[%emt 0:02:27]} fxe6 {[%emt 0:00:08]} 21. Ne4 {[%emt 0:02:48]} Qc7 {[%emt 0:12:43]} 22. Bxd7+ $18 1-0

[Event "ROU-chT Women Superliga 2018"]
[Site "Sovata"]
[Date "2018.11.28"]
[Round "4"]
[White "Sgircea, Silvia-Raluca"]
[Black "Popa, Catalina-Elena"]
[Result "1-0"]
[WhiteElo "2259"]
[BlackElo "1746"]
[Annotator "NA RC"]
[PlyCount "81"]
[EventDate "2018.11.24"]
[EventType "team-tourn"]
[EventCountry "ROU"]
[SourceTitle "playchess.com"]
[Source "ChessBase"]
[SourceQuality "1"]
[TimeControl "40/5400+30:1800+30"]

1. c4 {[%emt 0:00:00]} Nf6 {[%emt 0:00:43]} 2. Nf3 {[%emt 0:00:13]} d6 {[%emt 0:00:08]} 3. g3 {[%emt 0:02:49]} e5 {[%emt 0:01:23]} 4. d3 {[%emt 0:00:46]} Nc6 {[%emt 0:01:32]} 5. Bg2 {[%emt 0:00:25]} Be7 {[%emt 0:00:14]} 6. O-O {[%emt 0:00:16]} O-O {[%emt 0:00:04]} 7. Nc3 {[%emt 0:00:11]} h6 {[%emt 0:01:56]} 8. Rb1 {[%emt 0:01:31]} Be6 {[%emt 0:01:30] A29: English Opening: Four Knights Variation with 4 g3} 9. b4 {[%emt 0:05:50]} Qd7 {[%emt 0:03:00]} 10. b5 {[%emt 0:01:01]} Na5 {[%emt 0:01:35]} 11. Bd2 $146 {[%emt 0:04:02]} ({Predecessor:} 11. c5 a6 12. cxd6 Bxd6 13. d4 exd4 14. Qxd4 axb5 15. Rxb5 Be7 16. Bf4 {0-1 (25) Ekdyshman,M (2362)-Vajda,L (2554) Zalakaros 2015}) 11... Bh3 {[%emt 0:09:24]} (11... a6 $14) 12. Nd5 {[%emt 0:14:09]} Bxg2 {[%emt 0:01:02]} 13. Kxg2 {[%emt 0:00:12]} Nxd5 {[%emt 0:00:39]} 14. cxd5 {[%emt 0:00:06]} b6 {[%emt 0:00:09] [#]} 15. Bxa5 $1 {[%emt 0:00:11]} bxa5 {[%emt 0:00:03]} 16. Qd2 {[%emt 0:00:31]} f5 {[%emt 0:14:16]} 17. Qxa5 {[%emt 0:00:58]} g5 {[%emt 0:00:19]} 18. Qb4 {[%emt 0:02:46]} g4 {[%emt 0:13:17]} 19. Nd2 {[%emt 0:00:50]} Bg5 {[%emt 0:09:58]} 20. f4 {[%emt 0:09:51]} gxf3+ {[%emt 0:08:51]} 21. Rxf3 {[%emt 0:04:11]} a6 {[%emt 0:23:17] [#]} 22. bxa6 {[%emt 0:04:32]} (22. b6 $1 $18) 22... Rxa6 {[%emt 0:00:06]} 23. Rb2 {[%emt 0:02:16]} Ra4 {[%emt 0:01:17]} 24. Qb3 {[%emt 0:02:28]} Rfa8 {[%emt 0:02:19]} 25. Nc4 {[%emt 0:04:41]} Kg7 {[%emt 0:00:37]} 26. Rf1 {[%emt 0:03:01]} (26. e4 $142) 26... R4a7 {[%emt 0:02:26]} 27. a3 {[%emt 0:03:38]} Bf6 {[%emt 0:01:53]} (27... f4 $16) 28. e4 {[%emt 0:03:24]} fxe4 {[%emt 0:00:31]} 29. dxe4 {[%emt 0:00:03]} Qg4 {[%emt 0:00:25]} 30. Qd3 {[%emt 0:03:49]} h5 {[%emt 0:00:55]} 31. Ne3 {[%emt 0:05:38]} Qd7 {[%emt 0:00:40]} 32. Nf5+ $18 {[%emt 0:00:33]} Kg6 {[%emt 0:00:27]} 33. Rb3 {[%emt 0:00:25]} Ra4 {[%emt 0:00:41]} 34. h4 {[%emt 0:01:38]} R4a7 {[%emt 0:00:46]} 35. Qe3 {[%emt 0:00:47]} Qh7 {[%emt 0:00:07]} 36. Qf3 {[%emt 0:00:21]} Rf8 {[%emt 0:00:29]} 37. Qf2 {[%emt 0:01:42]} Ra4 {[%emt 0:00:48]} 38. Rf3 {[%emt 0:00:53]} Qd7 {[%emt 0:00:06]} 39. Qe3 {[%emt 0:01:22]} Qh7 {[%emt 0:00:24]} 40. Nxd6 {[%emt 0:00:00]} Qe7 {[%emt 0:00:00]} 41. Rxf6+ {[%emt 0:04:14]} 1-0

[Event "ROU-chT Women Superliga 2018"]
[Site "Sovata"]
[Date "2018.11.28"]
[Round "4"]
[White "Ionica, Iulia-Ionela"]
[Black "Bucur, Denisa-Andreea"]
[Result "1-0"]
[WhiteElo "2139"]
[BlackElo "2012"]
[Annotator "NA RC"]
[PlyCount "79"]
[EventDate "2018.11.24"]
[EventType "team-tourn"]
[EventCountry "ROU"]
[SourceTitle "playchess.com"]
[Source "ChessBase"]
[SourceQuality "1"]
[TimeControl "40/5400+30:1800+30"]

1. e4 {[%emt 0:00:00]} c5 {[%emt 0:00:00]} 2. Nf3 {[%emt 0:00:00]} e6 {[%emt 0:00:00]} 3. d4 {[%emt 0:00:33]} cxd4 {[%emt 0:00:03]} 4. Nxd4 {[%emt 0:00:08]} a6 {[%emt 0:00:12]} 5. Nc3 {[%emt 0:00:46]} Qc7 {[%emt 0:00:14]} 6. g3 {[%emt 0:00:35]} Nf6 {[%emt 0:01:54]} 7. Bg2 {[%emt 0:00:08]} Nc6 {[%emt 0:00:35]} 8. O-O {[%emt 0:03:26]} Be7 {[%emt 0:06:00]} 9. Re1 {[%emt 0:02:12]} d6 {[%emt 0:01:57]} 10. Nxc6 {[%emt 0:02:34]} bxc6 {[%emt 0:00:46]} 11. e5 {[%emt 0:00:58]} dxe5 {[%emt 0:14:56]} 12. Rxe5 {[%emt 0:01:38]} O-O {[%emt 0:02:56]} 13. Bf4 {[%emt 0:07:18]} Bd6 {[%emt 0:08:05] B80: Sicilian Scheveningen: 6 g3 and 6 Be3, including English Attack} (13... Qb7 14. Na4 Rd8 15. Qf3 Nd5 16. Bd2 Bf6 17. Re4 e5 18. Rae1 Ne7 19. Ba5 Rd5 20. Bc3 Bf5 21. Rb4 Qc7 22. Nb6 {1-0 (35) Movsesian,S (2651)-Sakaev,K (2647) Panormo 2002}) 14. Rxe6 {[%emt 0:02:23]} Bxe6 15. Bxd6 {[%emt 0:00:59]} Qb6 {[%emt 0:31:20]} 16. Bxf8 {[%emt 0:01:20]} Rxf8 {[%emt 0:00:02]} 17. b3 {[%emt 0:04:10]} Rd8 {[%emt 0:04:08]} 18. Qe1 {[%emt 0:08:36]} Bf5 {[%emt 0:05:42]} 19. Rc1 $146 {[%emt 0:05:03]} ({Predecessor:} 19. Na4 Qd4 20. c3 Qd6 21. Bf3 Re8 22. Qd1 Qe5 23. Bxc6 Rc8 24. Bf3 Ne4 25. Qe1 Re8 26. Qe3 h6 27. Bg2 Qd6 28. Qd4 {1-0 (28) Firat,B (2416)-Ladopoulos,D (2051) Kavala 2013}) 19... h6 {[%emt 0:04:36]} 20. h3 {[%emt 0:08:10]} Re8 {[%emt 0:02:57]} 21. Qd2 {[%emt 0:02:30]} Qa5 {[%emt 0:06:04]} 22. Rd1 {[%emt 0:01:57]} c5 {[%emt 0:02:35]} 23. a4 {[%emt 0:06:02]} Qb4 {[%emt 0:02:12]} 24. g4 {[%emt 0:08:34]} Be6 $16 {[%emt 0:01:57]} 25. Ne2 {[%emt 0:03:48]} Qb6 {[%emt 0:01:20]} 26. Ng3 {[%emt 0:00:33]} c4 {[%emt 0:00:37]} 27. b4 {[%emt 0:00:33]} Bd7 {[%emt 0:01:12]} 28. a5 {[%emt 0:02:55]} Qb5 {[%emt 0:00:19]} 29. c3 {[%emt 0:03:05]} Bc6 {[%emt 0:00:42]} 30. Qf4 {[%emt 0:01:11]} Bxg2 {[%emt 0:00:30]} 31. Kxg2 {[%emt 0:00:04]} Qc6+ {[%emt 0:00:52]} 32. Qf3 {[%emt 0:00:22]} Qe6 {[%emt 0:00:41]} 33. Rd4 {[%emt 0:01:44]} Nh7 {[%emt 0:00:20]} 34. Qd5 {[%emt 0:01:11]} Qe1 {[%emt 0:00:39]} 35. Qxc4 {[%emt 0:01:06]} Ng5 {[%emt 0:00:11]} 36. h4 {[%emt 0:01:52]} Ne6 {[%emt 0:00:03]} 37. Re4 {[%emt 0:01:46]} Qc1 {[%emt 0:00:06]} 38. Ne2 {[%emt 0:01:19]} Qb1 {[%emt 0:00:23]} 39. Nf4 {[%emt 0:01:34]} Nxf4+ {[%emt 0:01:05]} 40. Rxf4 {[%emt 0:00:00]} 1-0

[Event "ROU-chT Women Superliga 2018"]
[Site "Sovata"]
[Date "2018.11.28"]
[Round "4"]
[White "Yugina, Maria"]
[Black "Raeva, Elitsa"]
[Result "0-1"]
[WhiteElo "2129"]
[BlackElo "2252"]
[Annotator "NA RC"]
[PlyCount "78"]
[EventDate "2018.11.24"]
[EventType "team-tourn"]
[EventCountry "ROU"]
[SourceTitle "playchess.com"]
[Source "ChessBase"]
[SourceQuality "1"]
[TimeControl "40/5400+30:1800+30"]

1. d4 {[%emt 0:00:00]} Nf6 {[%emt 0:00:00]} 2. Nf3 {[%emt 0:00:00]} e6 {[%emt 0:00:00]} 3. e3 {[%emt 0:00:14]} b6 {[%emt 0:01:15]} 4. Bd3 {[%emt 0:00:21]} Bb7 {[%emt 0:00:07]} 5. O-O {[%emt 0:00:56]} Be7 {[%emt 0:00:27]} 6. b3 {[%emt 0:00:34]} O-O {[%emt 0:00:26]} 7. Bb2 {[%emt 0:00:14]} Ne4 {[%emt 0:03:12]} 8. Nbd2 {[%emt 0:03:32] A47: 1 d4 Nf6 2 Nf3 b6: Torre, London and Colle Systems} f5 {[%emt 0:00:15]} 9. c4 {[%emt 0:03:31]} d5 {[%emt 0:00:06]} 10. Rc1 {[%emt 0:03:53]} Nd7 {[%emt 0:03:32]} 11. Qe2 {[%emt 0:07:18]} a5 {[%emt 0:05:18]} (11... Bd6 12. Rfd1 Qe7 13. Ne5 Nxd2 14. Qxd2 Nxe5 15. dxe5 Bb4 16. Qc2 Bc5 17. Bd4 Ba3 18. Bb2 Bxb2 19. Qxb2 {0-1 (69) Danielian,E (2497)-Dzagnidze,N (2516) Beijing 2011}) 12. a3 {[%emt 0:19:24]} Bd6 {[%emt 0:09:22]} 13. Ne5 {[%emt 0:01:29]} (13. Rfd1 $11) 13... Bxe5 {[%emt 0:05:29]} 14. dxe5 {[%emt 0:00:21]} Ndc5 $146 {[%emt 0:00:10]} ({Predecessor:} 14... Nxd2 15. Qxd2 {0-1 (44) Rossetto,H-Stahlberg,G Buenos Aires 1947}) 15. cxd5 $2 {[%emt 0:16:10]} (15. Nxe4 $17 fxe4 16. Bc2) 15... Nxd2 {[%emt 0:01:31]} 16. Qxd2 {[%emt 0:09:49]} Qxd5 {[%emt 0:00:26]} 17. f3 {[%emt 0:00:21]} Qxd3 {[%emt 0:10:12]} 18. Qxd3 {[%emt 0:00:51]} Nxd3 {[%emt 0:00:15]} 19. Rxc7 {[%emt 0:00:18]} Bd5 {[%emt 0:06:26]} ({Resist} 19... Nxb2 20. Rxb7 Rab8 21. Rc7 $19) 20. Bd4 {[%emt 0:01:11]} Nc5 {[%emt 0:01:16]} ({Not} 20... Bxb3 21. Rc3 $19) 21. Bxc5 {[%emt 0:08:37]} bxc5 {[%emt 0:00:06]} 22. Rxc5 {[%emt 0:02:57]} Bxb3 {[%emt 0:00:08]} 23. Rfc1 {[%emt 0:00:09]} a4 {[%emt 0:00:48]} 24. Kf2 {[%emt 0:00:47]} Rfd8 {[%emt 0:00:21]} 25. Rc7 {[%emt 0:00:37]} Rd2+ {[%emt 0:01:24]} 26. Kg3 {[%emt 0:00:07]} Rad8 {[%emt 0:00:38]} 27. h4 {[%emt 0:01:55]} h6 {[%emt 0:00:14]} 28. h5 {[%emt 0:00:18]} Kf8 {[%emt 0:03:22]} 29. Kh3 {[%emt 0:02:17]} R8d7 {[%emt 0:03:21]} 30. Rc8+ {[%emt 0:00:18]} Kf7 {[%emt 0:00:07]} 31. R1c6 {[%emt 0:00:52]} R2d3 {[%emt 0:01:02]} 32. f4 {[%emt 0:02:15]} Rxe3+ {[%emt 0:00:46]} 33. g3 {[%emt 0:00:40]} Red3 {[%emt 0:01:02]} 34. Rb6 {[%emt 0:00:21]} Rd1 {[%emt 0:04:14]} 35. Kg2 {[%emt 0:04:34]} Bd5+ {[%emt 0:05:59]} (35... R7d2+ $142 36. Kf3 Bd5+ 37. Ke3 Rd3+ {[%mdl 64] Double Attack} 38. Kf2 R1d2+ 39. Kf1 Ra2 40. Rb1 Rf3+ 41. Ke1 Rxg3 42. Rc7+ Kg8 43. Rb8+ Kh7 44. Rh8+ {[%mdl 64] Decoy} Kxh8 45. Rc8+ Kh7 46. Rc2 Rxc2 47. Kf1 Rh3 48. Kg1 Rh1#) 36. Kf2 {[%emt 0:00:15]} Rh1 $19 {[%emt 0:00:43]} 37. Rb4 {[%emt 0:01:36]} Rxh5 {[%emt 0:01:48]} 38. Rxa4 {[%emt 0:00:15]} Rh2+ {[%emt 0:00:13]} 39. Ke1 {[%emt 0:01:01]} Bb3 {[%emt 0:00:28]} 0-1

[Event "ROU-chT Women Superliga 2018"]
[Site "Sovata"]
[Date "2018.11.28"]
[Round "4"]
[White "Lehaci, Miruna-Daria"]
[Black "Nastase, Andreea-Cristina"]
[Result "1-0"]
[WhiteElo "2067"]
[BlackElo "1900"]
[Annotator "NA"]
[PlyCount "79"]
[EventDate "2018.11.24"]
[EventType "team-tourn"]
[EventCountry "ROU"]
[SourceTitle "playchess.com"]
[Source "ChessBase"]
[SourceQuality "1"]
[TimeControl "40/5400+30:1800+30"]

1. e4 {[%emt 0:00:00]} c5 {[%emt 0:00:00]} 2. Nf3 {[%emt 0:00:00]} d6 {[%emt 0:00:00]} 3. Bc4 {[%emt 0:00:00]} Nf6 {[%emt 0:00:00]} 4. d3 {[%emt 0:00:00]} e6 {[%emt 0:02:23]} 5. O-O {[%emt 0:00:21]} Nc6 {[%emt 0:00:16]} 6. c3 {[%emt 0:00:18]} Be7 {[%emt 0:00:35]} 7. Bb3 {[%emt 0:00:50]} O-O {[%emt 0:00:27]} 8. Re1 {[%emt 0:00:18]} Ne5 {[%emt 0:07:58] B50: Sicilian: 2...d6, Miscellaneous} (8... e5 9. Nbd2 b5 10. a4 b4 11. Nc4 Rb8 12. Bg5 Be6 13. Rb1 Nd7 14. Bxe7 Qxe7 15. Nfd2 Nf6 16. a5 Qc7 {½-½ (49) Artemiev,V (2697)-Nepomniachtchi,I (2751) Moscow 2018}) 9. d4 {[%emt 0:04:59]} Nxf3+ {[%emt 0:07:59]} 10. Qxf3 {[%emt 0:00:04]} cxd4 {[%emt 0:00:05]} 11. cxd4 {[%emt 0:00:07]} e5 {[%emt 0:11:09]} 12. dxe5 {[%emt 0:00:10]} dxe5 {[%emt 0:00:06]} 13. Nc3 {[%emt 0:03:25]} Be6 {[%emt 0:19:11]} 14. Bg5 {[%emt 0:09:54]} Nd7 {[%emt 0:09:28] [#]} 15. Be3 $146 {[%emt 0:11:07]} ({Predecessor:} 15. Bxe6 fxe6 16. Bxe7 Qxe7 {½-½ (28) David,A (2586)-Cebalo,M (2304) Bratto 2017}) 15... Bxb3 {[%emt 0:05:13]} 16. axb3 {[%emt 0:00:40]} Bb4 {[%emt 0:00:40]} 17. Red1 {[%emt 0:03:43]} Bxc3 {[%emt 0:00:58]} 18. bxc3 {[%emt 0:00:12]} Qc7 {[%emt 0:00:54]} 19. c4 {[%emt 0:13:57]} (19. Bxa7 $2 b6 $17) ({Inferior is} 19. Rxa7 Rxa7 20. Bxa7 b6 $17) 19... a5 {[%emt 0:01:25]} 20. Rd5 {[%emt 0:04:57]} Nf6 {[%emt 0:08:11]} 21. Rc5 {[%emt 0:01:16]} Qe7 {[%emt 0:00:42]} 22. Rb5 {[%emt 0:03:44]} Rfc8 {[%emt 0:03:10]} 23. Qf5 {[%emt 0:01:31]} Qd6 {[%emt 0:04:45]} (23... Re8 $16 {keeps fighting.}) 24. h3 {[%emt 0:10:02]} a4 {[%emt 0:00:58]} 25. Rxa4 {[%emt 0:04:04]} g6 {[%emt 0:05:29]} 26. Qxe5 {[%emt 0:01:53]} (26. Rxa8 $18 Rxa8 27. Qf3) 26... Qxe5 {[%emt 0:00:48]} 27. Rxe5 {[%emt 0:00:04]} Rxa4 {[%emt 0:00:02]} 28. bxa4 {[%emt 0:00:05]} Rxc4 {[%emt 0:00:23]} 29. a5 {[%emt 0:01:36]} Rxe4 {[%emt 0:05:14]} 30. Rb5 {[%emt 0:00:10]} Re7 {[%emt 0:00:16]} 31. Bg5 {[%emt 0:00:08]} Kg7 {[%emt 0:00:03]} 32. Rb6 {[%emt 0:00:27]} Re1+ {[%emt 0:00:04]} 33. Kh2 {[%emt 0:00:05]} Ne4 {[%emt 0:01:27]} 34. Be3 {[%emt 0:00:05]} Kf8 {[%emt 0:03:37]} 35. Rxb7 {[%emt 0:00:50]} Ra1 {[%emt 0:00:05]} 36. Ra7 {[%emt 0:01:04]} Ra2 {[%emt 0:00:23]} 37. a6 {[%emt 0:00:53]} Nxf2 {[%emt 0:01:31]} 38. Ra8+ {[%emt 0:00:06]} Ke7 {[%emt 0:00:04]} 39. a7 {[%emt 0:00:05]} Nd1 {[%emt 0:00:53]} 40. Bd4 {[%emt 0:00:00]} 1-0